000 00731nam a2200289Ia 4500
005 20260324132248.0
008 008 260324s9999 xx 000 0 eng d
020 _a9780203486726
037 _aEBOOK
040 _aCRL
040 _beng
040 _cCRL
041 _2eng
041 _aeng
084 _qCRL
100 _aMaurice A. East; Justin Robertson
_91188616
245 0 _aDiplomacy and Developing Nations
245 0 _bPost-Cold War Foreign Policy-Making Structures and Processes
260 _bTaylor and Francis
260 _c2005
365 _a
365 _b290
856 _uhttp://www.taylorfrancis.com/books/9780203486726
942 _cEBOOK
999 _c1786585
_d1786585